ASOIAF - All known Targaryen - Statistics

General Stats
  • This quiz has been taken 1,824 times
    1,772 since last reset
  • The average score is 96 of 131
Answer Stats
M/F Birth Death Father Mother Name Nickname Dragon % Correct
M ? ? Targaryen Targaryen Aegon Lord of Dragonstone -
99%
M 27 BC 37 AC Targaryen Velaryon Aegon Conqueror Balerion
99%
M 26 AC 43 AC Targaryen Velaryon Aegon Uncrowned Quicksilver
99%
M 52 AC 52 AC Targaryen Targaryen Aegon Prince -
99%
M 84 AC 85 AC Targaryen Targaryen Aegon Prince -
99%
M 107 AC 131 AC Targaryen Hightower Aegon Usurper Sunfyre
99%
M 120 AC 157 AC Targaryen Targaryen Aegon Dragonbane Stormcloud
99%
M 135 AC 184 AC Targaryen Rogare Aegon Unworthy -
99%
M 200 AC 259 AC Targaryen Dayne Aegon Unlikely / Egg -
99%
M 272 AC 273 AC Targaryen Targaryen Aegon Prince -
99%
M 281 AC 283 AC Targaryen Martell Aegon Prince -
99%
F ? ? Targaryen Dayne Rhae Princess -
98%
M 55 AC 92 AC Targaryen Targaryen Aemon Lord Justiciar Caraxes
97%
M 136 AC ? Targaryen Rogare Aemon Knight of Tears -
97%
M 198 AC 300 AC Targaryen Dayne Aemon Maester -
97%
M 29 AC 44 AC Targaryen Velaryon Viserys Prince -
97%
M 77 AC 129 AC Targaryen Targaryen Viserys Peaceful Balerion
97%
M 122 AC 172 AC Targaryen Targaryen Viserys Hand of the King -
97%
M 176 AC 212 AC Plumm Targaryen Viserys Lord -
97%
M 276 AC 298 AC Targaryen Targaryen Viserys Beggar King -
97%
M 81 AC 130 AC Targaryen Targaryen Daemon Rogue Prince Caraxes
96%
M 170 AC 196 AC Targaryen Targaryen Daemon Waters / Blackfyre -
96%
F 53 AC 60 AC Targaryen Targaryen Daenerys Princesse -
96%
F 172 AC ? Targaryen Targaryen Daenerys Princess Consort of Dorne -
96%
F 284 AC - Targaryen Targaryen Daenerys Mother of Dragons Drogon
96%
F 25 BC 10 AC Targaryen Velaryon Rhaenys Conqueror Meraxes
95%
F 74 AC 129 AC Targaryen Baratheon Rhaenys Queen Who Never Was Meleys
95%
F 280 AC 283 AC Targaryen Martell Rhaenys Princess -
95%
F 97 AC 130 AC Targaryen Arryn Rhaenyra Realm's Delight Syrax
93%
F 29 BC 44 AC Targaryen Velaryon Visenya Conqueror Vhagar
93%
F 129 AC 129 AC Targaryen Targaryen Visenya Princess -
93%
M 110 AC 130 AC Targaryen Hightower Aemond One-Eye Vhagar
92%
M 114 AC 130 AC Targaryen Hightower Daeron Daring Tessarion
92%
M 143 AC 161 AC Targaryen Velaryon Daeron Boy King -
92%
M 153 AC 209 AC Targaryen Targaryen Daeron Good -
92%
M 190 AC ? Targaryen Dayne Daeron Drunken -
92%
M 228 AC 251 AC Targaryen Blackwood Daeron Prince -
92%
M 269 AC 269 AC Targaryen Targaryen Daeron Prince -
92%
M 34 AC 103 AC Targaryen Velaryon Jaehaerys Concilliator Vermithor
92%
M 123 AC 129 AC Targaryen Targaryen Jaehaerys Prince Shrykos
92%
M 225 AC 262 AC Targaryen Blackwood Jaehaerys King -
92%
M 274 AC 274 AC Targaryen Targaryen Jaehaerys Prince -
92%
M 12 AC 48 AC Targaryen Targaryen Maegor Cruel Balerion
92%
M 232 AC ? Targaryen Targaryen Maegor Prince -
92%
M ? ? Targaryen Targaryen Aerys Lord of Dragonstone -
91%
M ? 221 AC Targaryen Martell Aerys King -
91%
M 244 AC 283 AC Targaryen Targaryen Aerys Mad King -
91%
M 144 AC 171 AC Targaryen Velaryon Baelor Blessed / Beloved -
90%
M 170 AC 209 AC Targaryen Martell Baelor Breakspear -
90%
M 115 AC 129 AC Velaryon Targaryen Lucerys Strong Arrax
89%
M 7 AC 42 AC Targaryen Targaryen Aenys King Abomination Quicksilver
88%
M ? ? Targaryen ? Baelon Lord of Dragonstone -
87%
M 57 AC 101 AC Targaryen Targaryen Baelon Brave Vhagar
87%
M 105 AC 105 AC Targaryen Arryn Baelon Heir for a Day -
87%
F 23 AC 73 AC Targaryen Velaryon Rhaena Black Bride Dreamfyre
87%
F 116 AC ? Targaryen Velaryon Rhaena Dragon Twin Morning
87%
F 147 AC 171 AC Targaryen Velaryon Rhaena Septa -
87%
F 60 AC 84 AC Targaryen Targaryen Alyssa Princess Meleys
86%
F 116 AC ? Targaryen Velaryon Baela Dragon Twin Moondancer
86%
M ? 233 AC Targaryen Martell Maekar Anvil -
86%
M 259 AC 283 AC Targaryen Targaryen Rhaegar Last Dragon -
85%
F 109 AC 130 AC Targaryen Hightower Helaena Sweet Dreamfyre
84%
M 114 AC 130 AC Velaryon Targaryen Jacaerys Strong Vermax
84%
M 117 AC 130 AC Velaryon Targaryen Joffrey Strong Tyraxes
83%
M ? ? Velaryon Targaryen Jon Waters -
83%
M 283 AC - Targaryen Stark Jon Snow Rhaegal
83%
F 36 AC 100 AC Targaryen Velaryon Alysanne Good Queen Silverwing
80%
F 155 AC ? Targaryen ? Alysanne Septa -
80%
F ? ? Targaryen ? Daenys Dreamer -
80%
M ? ? Targaryen ? Aerion Lord of Dragonstone -
79%
M ? 232 AC Targaryen Dayne Aerion Monstrous -
79%
F 42 AC 73 AC Targaryen Targaryen Rhaella Septa -
79%
F ? 284 AC Targaryen Targaryen Rhaella Dowager Queen -
79%
F 92 AC 120 AC Velaryon Targaryen Laena Lady Vhagar
78%
F 134 AC ? Velaryon Targaryen Laena - -
78%
F ? ? Penrose Targaryen Laena - -
78%
M 94 AC 120 AC Velaryon Targaryen Laenor Prince Consort Seasmoke
77%
F 82 AC 105 AC Arryn Targaryen Aemma Queen -
76%
F 123 AC 133 AC Targaryen Targaryen Jaehaera Queen Morghul
75%
F 145 AC 171 AC Targaryen Velaryon Daena Defiant -
73%
M 298 AC 298 AC Targaryen Dothraki Rhaego Son of Drogo -
73%
F 67 AC 101 AC Targaryen Targaryen Saera Whore of Lys -
69%
M 175 AC ? Targaryen Blackwood Brynden Rivers / Bloodraven -
66%
M ? 259 AC Targaryen Blackwood Duncan Prince of Dragonflies -
66%
M ? ? Targaryen ? Gaemon Glorious -
65%
M 73 AC 73 AC Targaryen Targaryen Gaemon Prince -
65%
M ? ? Targaryen Baratheon Orys One-Hand -
65%
F 64 AC 82 AC Targaryen Targaryen Daella Lady of the Eyrie -
64%
F 199 AC ? Targaryen Dayne Daella Princess -
64%
F 80 AC 99 AC Targaryen Targaryen Gael Winter Child -
63%
M 172 AC 241 AC Targaryen Bracken Aegor Rivers / Bittersteel -
62%
M 127 AC 130 AC Targaryen Targaryen Maelor Prince -
62%
F 42 AC 56 AC Targaryen Targaryen Aerea Princess Balerion
61%
F ? 211 AC Targaryen Lys Shiera Seastar -
60%
M ? 209 AC Targaryen Dondarrion Valarr Young Prince -
59%
M ? 130 AC ? Targaryen Hugh Hammer Vermithor
58%
F 62 AC 96 AC Targaryen Targaryen Maegelle Septa -
58%
M 63 AC 101 AC Targaryen Targaryen Vaegon Archmaester -
58%
F 138 AC ? Targaryen Rogare Naerys Queen -
57%
M ? 215 AC Targaryen Martell Rhaegel Prince -
57%
M ? ? Targaryen ? Aenar Exile / Lord Who Left -
56%
F 71 AC 87 AC Targaryen Targaryen Viserra Princess -
56%
F ? ? Targaryen Targaryen Elaena Lady of Dragonstone -
52%
F 150 AC 220 AC Targaryen Velaryon Elaena Lady of Parchments -
52%
M ? 209 AC Targaryen Dondarrion Matarys Even Younger Prince -
50%
F ? 246 AC Targaryen Blackwood Rhaelle Lady of Storm's End -
50%
F 226 AC 259 AC Targaryen Blackwood Shaera Queen -
48%
F 39 AC 39 AC Targaryen Velaryon Vaella Princess -
48%
F 222 AC ? Targaryen Tyrosh Vaella Princess -
48%
M ? 217 AC Targaryen Arryn Aelor Prince -
47%
F ? ? Targaryen Arryn Aelora Princess -
44%
M ? ? Targaryen ? Aelyx Lord of Dragonstone -
39%
M ? ? Targaryen ? Daemion Lord of Dragonstone -
39%
M 77 AC 78 AC Targaryen Targaryen Valerion Prince -
36%
F ? ? Targaryen Arryn Daenora Princess -
34%
F 164 AC ? Targaryen Stokeworth Jeyne Lothston -
34%
F ? ? Velaryon Targaryen Jeyne Waters -
34%
M 246 AC 278 AC Baratheon Targaryen Steffon Lord of Storm's End -
33%
M ? ? Targaryen Targaryen Maegon Lord of Dragonstone -
32%
M ? ? Targaryen Otherys Balerion - -
31%
F ? ? Penrose Targaryen Jocelyn - -
29%
F 267 AC 267 AC Targaryen Targaryen Shaena Princess -
29%
F 156 AC ? Targaryen ? Lily Septa -
25%
F 172 AC ? Targaryen Blackwood Mya Rivers -
25%
F 173 AC ? Targaryen Blackwood Gwenys Rivers -
22%
F 157 AC ? Targaryen ? Willow Septa -
22%
F ? ? Targaryen Otherys Bellenora Black Pearl of Braavos -
20%
F ? ? Penrose Targaryen Joy - -
19%
F 158 AC ? Targaryen ? Rosey Septa -
19%
F ? ? Targaryen Otherys Narha - -
18%
M ? ? Penrose Targaryen Robin Heir of Parchments -
16%
No matching quizzes found
Score Distribution
Percent of People with Each Score
Percentile by Number Answered
Your Score History
You have not taken this quiz since the last reset